Possessors and possessed : museums, archaeology, and the visualization of history in the late Ottoman Empire /

Saved in:

Main Author: Shaw, Wendy M. K., 1970- (Author)

Format: Book

Language: English

Published: Berkeley : University of California Press, c2003.

Subjects:

Tags: Add Tag

No Tags, Be the first to tag this record!

Call Number: AM79 .T8 S53 2003

LEADER 01465namaa2200265 4500
001 11749
003 OSt
005 20240627111318.0
008 190923s2003 cauab b 001 0 eng d
952 |0 0  |1 0  |2 lcc  |4 0  |6 AM0079 T8 S53 02003  |7 1  |9 25241  |a ARCE  |b ARCE  |d 2022-01-25  |l 0  |o AM79 .T8 S53 2003  |p 1038653  |r 2022-01-25 00:00:00  |w 2022-01-25  |y BK 
999 |c 20011  |d 20011 
020 |a 0520233352 
040 |c ARCE Library 
043 |a a-tu--- 
050 4 |a AM79 .T8 S53 2003 
100 1 |a Shaw, Wendy M. K.,  |d 1970-  |e author 
245 1 0 |a Possessors and possessed :   |b museums, archaeology, and the visualization of history in the late Ottoman Empire /   |c Wendy M. K. Shaw. 
264 1 |a Berkeley :  |b University of California Press,  |c c2003. 
300 |a xi, 269 pages :  |b illustrations, maps ;  |c 24 cm. 
504 |a Includes biographical references (pages 247-260) and index. 
505 0 |a Moving toward the museum : the collection of antique spolia -- Parallel collections of weapons and antiquities -- The rise of the imperial museum -- The dialectic of law and infringement -- Technologies of collection : railroads and cameras -- Antiquities collections in the imperial museum -- Islamic arts in imperial collections -- Military collections in the late empire -- Islamic and archaeological antiquities after the Young Turk Revolution. 
650 0 |a Museums  |x Collection management  |z Turkey  |x History. 
650 0 |a Museums  |z Turkey  |x History. 
901 |a reviewed 
942 |c BK  |2 lcc